| 000 | 00434cam a22001217a 4500 | ||
|---|---|---|---|
| 008 | 180718b1993 xxu||||| |||| 00| 0 eng d | ||
| 082 | _aA99 N164r Ad44 | ||
| 100 | _aAdiraju, Venkateswara Rao | ||
| 245 |
_aRight Prime Minister: a political biography of P.V. Narasimha Rao _cby Venkateswara Rao Adiraju |
||
| 260 |
_aHyderabad _bSatya Publication _c1993 |
||
| 300 | _a270p. | ||
| 650 | _aNarasimha Rao - P.V. - Criticism and interpretation | ||
| 999 |
_c338972 _d338972 |
||